[Event "Udine Oro Caffe op 2nd"]
[Site "Udine"]
[Date "2009.07.11"]
[Round "6"]
[White "Laco, Giuseppe"]
[Black "Trento, Giacomo"]
[Result "1-0"]
[WhiteElo "2135"]
[BlackElo "1588"]
[PlyCount "77"]
[EventDate "2009.07.06"]
[EventType "swiss"]
[EventRounds "7"]
[EventCountry "ITA"]
[SourceTitle "EXT 2011"]
[Source "ChessBase"]
[SourceDate "2010.11.26"]
[SourceVersion "1"]
[SourceVersionDate "2010.11.26"]
[SourceQuality "1"]

1. c4 e6 2. a3 d5 3. e3 c5 4. Nf3 Nf6 5. b3 Nc6 6. Bb2 Qb6 7. d3 dxc4 8. dxc4 Na5 9. Nbd2 Bd7 10. Ne5 Ba4 11. Bc3 Bc6 12. Bxa5 Qxa5 13. Nxc6 bxc6 14. Qc2 Rd8 15. Be2 Be7 16. Ra2 0-0 17. 0-0 Qc7 18. h3 e5 19. Rb2 a5 20. Bf3 Nd7 21. Qe4 Rc8 22. g4 g6 23. Qc2 f5 24. gxf5 gxf5 25. e4 f4 26. Bg4 f3 27. Nxf3 Nf6 28. Bf5 Nh5 29. Rd1 Rxf5 30. exf5 Nf4 31. f6 Bxf6 32. Kh1 Rf8 33. Qf5 Bg7 34. Qd7 Qb6 35. Rg1 Rf7 36. Qe8+ Rf8 37. Qxe5 Ng6 38. Qe6+ Kh8 39. Ng5 1-0

[Event "Pedavena op-B 2nd"]
[Site "Pedavena"]
[Date "2006.08.04"]
[Round "6"]
[White "Trento, Giacomo"]
[Black "Cocuzzi, Edoardo"]
[Result "1-0"]
[WhiteElo "1552"]
[BlackElo "1689"]
[PlyCount "61"]
[EventDate "2006.08.01"]
[EventType "swiss"]
[EventRounds "7"]
[EventCountry "ITA"]
[SourceTitle "EXT 2023"]
[Source "ChessBase"]
[SourceDate "2022.10.05"]
[SourceVersion "1"]
[SourceVersionDate "2022.10.05"]
[SourceQuality "1"]

1. e4 e5 2. f4 exf4 3. Nf3 Nc6 4. Bc4 d6 5. d4 Na5 6. Bd3 g6 7. d5 b6 8. b4 Nb7 9. Bb2 f6 10. Nd4 Bd7 11. Nc6 Qc8 12. Ba6 Bg7 13. b5 Ne7 14. h4 Kf7 15. Qf3 Re8 16. h5 Nxd5 17. hxg6+ hxg6 18. Qd3 Ne7 19. Qb3+ Be6 20. Qc3 Rh8 21. Rxh8 Bxh8 22. Nd2 d5 23. 0-0-0 dxe4 24. Nxe4 Nd5 25. Qe1 Rb8 26. Qh4 Qg8 27. Nxb8 Qxb8 28. Bxb7 Qxb7 29. Qxh8 Bf5 30. Nd6+ cxd6 31. Qh7+ 1-0